Мечът на самурая (Запис номер 7122)
[ съкратено ]
| 000 -Лидер | |
|---|---|
| Контролно поле с фиксирана дължина | 01381nam a2200337 c 4500 |
| 003 - Код на организацията, давaща контролен номер | |
| Контролно поле | BLK |
| 005 - Дата и час на последна редакция | |
| Контролно поле | 20220801175638.0 |
| 008 - Елементи от данни с фиксирана дължина | |
| fixed length control field | 180412b bul|||||r ||||||| ||bul|| |
| 010 ## - Наследен системен номер | |
| LC control number | KNG00008392000 |
| 020 ## - Международен стандартен номер на книга ISBN | |
| Международен стандартен номер на книга ISBN | 954-8371-20-0 |
| -- | издат.: Селекта |
| 040 ## - Източник на каталожния запис | |
| Идентификатор на билиотеката - собственик на записа | BLK |
| 041 ## - Код за език | |
| Код за езика на текст/звукозапис или на отделно заглавие | Български |
| Код за езика КДБФ | Български |
| 080 ## - УДК | |
| Текстов определител УДК | Издания за деца и юноши. Книжки-картинки. Читанки. Вж и 372.4 |
| УДК код - определител по УДК | 087.5 |
| УДК определител | |
| УДК - код + определител | 087.5 |
| 100 1# - Редна дума - Автор | |
| Автор | Смит, Марк |
| Авторска отговорност | първи автор |
| R(LIN) | 364034 |
| 139 ## - Редно поле | |
| Редна дума | Смит, Марк и др. |
| Авторски знак | Сми - С 47 |
| 245 10 - Сведения за заглавието | |
| Заглавие | Мечът на самурая |
| Подзаглавни данни | Кн.-игра за юноши |
| Редно поле (дума) | Марк Смит; съавт. Джейми Томсън. |
| 257 ## - Страна на издаване | |
| Страна на създаване/издаване | Великобритания |
| 260 ## - Област на издателските данни | |
| -- | Бургас |
| Име на издателя, разпространителя и проч. | Селекта |
| Година на издаване | 1995 |
| Печатница | Ямбол : Светлина |
| 300 ## - Физическа характеристика | |
| Страници | 207 с. |
| Илюстрации и др. | с ил. |
| Размери/Мащаб | 20 см |
| 380 ## - Жанр | |
| Жанр | Общ отдел |
| 490 1# - СЕРИИ (Колекции) | |
| Име на серия | Битки безброй |
| №: серия | 6 |
| 500 ## - Общи забележки | |
| Забележка | Ориг. загл. Sword of the Samurai / Mark Smit, Jamie Thomson. - Aвт. не са отбелязани на кор. - 7 000 тир. |
| 650 #4 - Допълнително описание по предмет – тема | |
| Основно описание – тема или топоним | Книги-игри |
| 9 (RLIN) | 158798 |
| 653 ## - Ключова дума – ненормативна | |
| Ключова дума | книги-игри |
| 700 1# - Други автори (авторска отговорност) | |
| Лично име | Томсън, Джейми |
| Автороска отговорност (Описва отношението между автора и произведението) | съавт. |
| 9 (RLIN) | 252192 |
| 852 ## - Местоположение | |
| Форматна сигнатура | Цб 183683 |
| 856 4# - Електронен адрес и достъп | |
| Електронен формат | pdf - файл |
| Път до файла /url/ | |
| 856 4# - Електронен адрес и достъп | |
| Електронен формат | pdf - файл |
| Път до файла /url/ | |
| 942 ## - АРТИКУЛИ | |
| Вид на библиотечния материал | Книги |
| Скрит в OPAC | Не |
| Koha issues (borrowed), all copies | 1 |
| 944 ## - СЪЗДАВАНЕ И РЕДАКЦИЯ на ЗАПИСА | |
| Създаване/Редакция | Създаване |
| Дата на регистрацията/редакция | 15.01.2003 |
| Статус, дата на статуса | ф / |
| Служител, извършил регистрацията/редакцията | Людмила_Стоянова |
| 944 ## - СЪЗДАВАНЕ И РЕДАКЦИЯ на ЗАПИСА | |
| Създаване/Редакция | Редакция |
| Дата на регистрацията/редакция | 09.06.2016 |
| Статус, дата на статуса | ф / |
| Служител, извършил регистрацията/редакцията | Людмила_Стоянова |
| 999 ## - СИСТЕМНИ КОНТРОЛНИ НОМЕРА | |
| Koha biblionumber | 7122 |
| Koha biblioitemnumber | 7122 |
| Код за отписване | Код за изгубен артикул | Източник на класификационната схема | Код за повреда | Коз за рестрикции | Код за отдаване | Артикулен № | Име на библиотеката - собственик | Име на библиотеката, в която се намира в момента | Статус (Текущо местоположение) | Дата на вписване в системата | Местоположение - отдел | Цена в лева | Инвентарен номер | Систематично азбучна сигнатура | Баркод | Номер на екземпляра | Цена в евро | Служебна бележка | Служебен тип на артикула |
|---|---|---|---|---|---|---|---|---|---|---|---|---|---|---|---|---|---|---|---|
| Не е изгубен | Universal Decimal Classification | Не е повреден | без рестрикции | ползва се в читалня | 12352 | Регионална библиотека "Любен Каравелов" Русе | Регионална библиотека "Любен Каравелов" Русе | Хранилище | 2001-01-01 | Хранилище | 0.59 | 614735 | Цб 183683 | 120000614735 | 1 | 0.30 | Дост: Dp Вид: Д N: стар фонд Дата: 01.01.1995 Дата инв: 17.09.2014 Бележки инв: Цб2014 | Книги | |
| Не е изгубен | Не е повреден | без рестрикции | заемане за дома | 12353 | Регионална библиотека "Любен Каравелов" Русе | Регионална библиотека "Любен Каравелов" Русе | Детски отдел | 2005-11-07 | Детски отдел | 2.50 | 120000697864 | ДН 0/С 47 | 120000697864 | 2 | 1.28 | Дост: DA Вид: А N: 24 Дата: 02.11.2005 Дата инв: 10.08.2015 Бележки инв: Д2015 | Книги | ||
| Изтеглен | Не е изгубен | Не е повреден | без рестрикции | заемане за дома | 12354 | Регионална библиотека "Любен Каравелов" Русе | Регионална библиотека "Любен Каравелов" Русе | Детски отдел | 2016-03-23 | Детски отдел | 3.00 | 120000799090 | ДН 0/С 47 | 120000799090 | 3 | 1.53 | Дост: Dp Вид: А N: 12 Дата: 23.03.2016 | Книги |